ბათუმის შოთა რუსთაველის სახელმწიფო უნივერსიტეტის ბიბლიოთეკა

მრავალშრიანი სპირალური კომპიუტერული ტომოგრაფიის როლი და ადგილი პოლიტრამვის სადიაგნოსტიკო რადიოლოგიურ ალგორითმში : დისერტაცია/ (ბიბ.ჩანაწერი № 51779)

000 -ლიდერი
ფიქსირებული სიგრძის საკონტროლო ველი 01838nam a2200253Ia 4500
001 - საკონტროლო ნომერი
საკონტროლო ველი 18771
003 - საკონტროლო ნომრის იდენტიფიკატორი
საკონტროლო ველი GE_BSU
005 - ბოლო ოპერაციის თარიღი და დრო
საკონტროლო ველი 20220920104100.0
008 - ფიქსირებული სიგრძის მონაცემთა ელემენტები - ზოგადი ინფორმაცია
ფიქსირებული სიგრძის საკონტროლო ველი 181216s2012||||ge |||||||||||||| ||geo||
040 ## - კატალოგიზაციის წყარო
Transcribing agency GE_BSU
041 ## - ენის კოდი
Language code of text/sound track or separate title geo
080 ## - უნივერსალური ათობითი კლასიფიკაციის ინდექსი
Universal Decimal Classification number 61 ნ-48
100 ## - მთავარი ჩანაწერი - პიროვნების სახელი
Personal name ნემსაძე, გრიგოლ
9 (RLIN) 11660
245 ## - ცნობა სათაურის შესახებ
Title მრავალშრიანი სპირალური კომპიუტერული ტომოგრაფიის როლი და ადგილი პოლიტრამვის სადიაგნოსტიკო რადიოლოგიურ ალგორითმში : დისერტაცია/
Statement of responsibility, etc გრიგოლ ნემსაძე ; სამეცნიერო ხელმძღვანელი : ოთარ ურუშაძე : თბილისის სახელმწიფო სამედიცინო უნივერსიტეტი.
264 ## - წარმოების, გამოცემის, დისტრიბუციის და სხვა ცნობები
გამოცემის, წარმოების, დისტრიბუციის... ადგილი თბილისი,
გამოცემის, წარმოების, დისტრიბუციის... თარიღი 2012.
300 ## - ფიზიკური აღწერა
Extent 221გვ. ;
Other physical details 30 სმ.
653 ## - INDEX TERM--UNCONTROLLED
Uncontrolled term დისერტაცია
653 ## - INDEX TERM--UNCONTROLLED
Uncontrolled term მედიცინა
653 ## - INDEX TERM--UNCONTROLLED
Uncontrolled term კომპიუტერული ტომოგრაფია
653 ## - INDEX TERM--UNCONTROLLED
Uncontrolled term მრავალშრიანი სპირალური კომპიუტერული ტომოგრაფიის როლი და ადგილი პოლიტრამვის სადიაგნოსტიკო რადიოლოგიურ ალგორითმში.
700 ## - ADDED ENTRY--PERSONAL NAME
Personal name ურუშაძე, ოთარ
Relator term სამეცნიერო ხელმძღვანელი
9 (RLIN) 11661
710 ## - ADDED ENTRY--CORPORATE NAME
Corporate name or jurisdiction name as entry element თბილისის სახელმწიფო სამედიცინო უნივერსიტეტი
9 (RLIN) 11662
942 ## - ADDED ENTRY ELEMENTS (KOHA)
Koha item type წიგნი
Source of classification or shelving scheme
ეგზემპლარები
ჩამოწერის სტატუსი დაკარგული ეგზემპლარის სტატუსი კლასიფიკაციის წყარო ან თაროზე გაწყობის სქემა დაზიანების სტატუსი არ გაიცემა მუდმივი მდებარეობა (დაცვის ადგილი) ამჟამინდელი ადგილსამყოფელი შეძენის თარიღი სრული შენახვის შიფრი შტრიხკოდი ბოლო ოპერაციის თარიღი ეგზემპლარის მიმდევრობითი ნომერი (კეტერი?) ფასის ძალაში შესვლის თარიღი ეგზემპლარის სახეობა
        შიდა ფონდი ბათუმის შოთა რუსთაველის სახელმწიფო უნივერსიტეტის მთავარი ბიბლიოთეკა ბათუმის შოთა რუსთაველის სახელმწიფო უნივერსიტეტის მთავარი ბიბლიოთეკა 2018-12-17 61 ნ-48 111 დისერტ. 2018-12-17 111 2018-12-17 დისერტაცია